| 000 | 00719nam a2200217Ia 4500 | ||
|---|---|---|---|
| 003 | IN-BaIIA | ||
| 008 | 211028s9999 xx 000 0 eng d | ||
| 020 | _a3-540-58326-2 | ||
| 040 | _cIIA Library | ||
| 080 |
_a048.1:52 _bAAA-58B |
||
| 100 | _aburkhardt, G | ||
| 245 | 0 |
_aAstronomy and astrophysics abstracts _bvol 58A, literature 1993, pt. 2 _cG. Burkhardt...[et.al] |
|
| 260 |
_aBerlin _bSpringer-Verlag _c1994 |
||
| 300 | _aviii, 741-1739p. | ||
| 650 |
_aAstronomy and Astrophysics Abstracts _96052 |
||
| 650 | _aAstronomy and Astrophysics Thesaurus | ||
| 700 |
_aEsser, H _919309 |
||
| 700 |
_aHeinrich, I _99916 |
||
| 700 |
_ahoffmann, W _919310 |
||
| 942 | _cBK | ||
| 999 |
_c11264 _d11264 |
||